Statistics for Ghost town lyrics Kanye West

Click here to take the quiz!

General Stats

  • This quiz has been taken 104 times
  • The average score is 259 of 373

Answer Stats

Lyrics% Correct
i
99%
a
96%
on
95%
be
93%
we
92%
go
91%
some
91%
day
89%
to
89%
you
87%
i'll
85%
the
83%
wanna
83%
no
81%
of
81%
but
80%
like
80%
try
80%
wear
80%
free
79%
me
79%
not
79%
it
77%
gon
76%
love
76%
and
75%
anymore
75%
feel
75%
hurts
75%
kids
75%
make
75%
nothing
75%
still
75%
tryin
75%
used
75%
everything
73%
if
73%
just
73%
kinda
73%
off
73%
put
73%
see
73%
take
73%
did
72%
from
72%
my
72%
all
71%
been
71%
down
71%
further
71%
hand
71%
lay
71%
stove
71%
sunday
71%
bleed
69%
takes
69%
baby
68%
god
68%
ive
67%
set
67%
we're
67%
in
65%
this
65%
crown
64%
dont
64%
yeah
61%
trying
60%
get
57%
that
57%
let
55%
one
55%
bet
53%
fentanyl
53%
know
53%
starry
53%
wine
53%
pack
52%
again
51%
have
49%
once
49%
five
48%
four
48%
they
48%
three
48%
two
48%
will
48%
am
47%
talk
47%
wrote
47%
drank
45%
im
45%
oh
45%
shine
45%
think
45%
time
45%
might
44%
way
43%
child
41%
maybe
40%
remember
39%
behind
37%
drama
37%
mind
37%
sometimes
37%
gone
36%
marijuana
36%
space
36%
between
35%
days
35%
half
35%
naked
35%
i'll
33%
what
33%
caught
32%
had
32%
hit
32%
ahead
31%
hold
31%
up
31%
rope
29%
smokin
29%
truths
29%
years
29%
red
28%
everybody
25%
back
24%
dot
24%
minds
24%
tell
23%
find
20%
never
20%
now
19%
they'll
19%
doin
16%
high
15%
its
13%
livin
13%
pray
13%
enough
12%
how
9%
each
7%
living
7%
knowing
5%

Score Distribution

Percentile by Number Answered

Percent of People with Each Score

Your Score History

You have not taken this quiz